|
|
|
|
| LEADER |
00000nab a2200000 a 4500 |
| 001 |
vtls000643766 |
| 003 |
SK-MaSNL |
| 005 |
20260319075732.0 |
| 008 |
160401c1997 xo 0 hun |
| 015 |
|
|
|a SNBRB19rr/mm-uuuuu
|
| 035 |
|
|
|a CL0643905
|
| 040 |
|
|
|a SNKBUCL
|b slo
|c SNKBUCL
|e AACR2
|
| 041 |
0 |
|
|a hun
|
| 044 |
|
|
|a xo
|c SK
|
| 080 |
|
|
|a 331.881(437.6):614.2+362
|2 1981
|
| 100 |
1 |
|
|a Kučinský, Andrej
|4 aut
|9 839966
|
| 245 |
1 |
0 |
|a Tanulunk egymástól
|c Andrej Kučinský, Ilona Fiala
|
| 300 |
|
|
|b Fotogr. 1
|
| 650 |
0 |
7 |
|a Slovenský odborový zväz pracovníkov zdravotníctva a sociálnej starostlivosti
|2 snkbucl
|9 898616
|
| 655 |
|
7 |
|a články z novín a časopisov
|2 snkbucl
|9 267496
|
| 700 |
1 |
|
|a Fiala, Ilona
|4 aut
|9 418360
|
| 773 |
0 |
|
|t Életünk
|g Roč. 2, č. 22 (1997), s. 9
|
| 850 |
|
|
|a Slovenská národná knižnica v Martine
|a DSG001
|
| 852 |
|
|
|a SNK
|b KIS3GCP
|
| 958 |
|
|
|a HU
|
| 958 |
|
|
|a SK
|
| 958 |
|
|
|a RK
|
| 958 |
|
|
|a RBX
|
| 999 |
|
|
|c 1424021
|d 1425951
|